000 01156cad a22002175a 4500
001 L152179
008 110207e20101008xxk 000 0 eng d
035 _a(Sirsi) u152179
041 0 _aeng
245 0 0 _aEmmet Thomas Scullion v Bank of Scotland (trading as Colleys)
_h[electronic resource]
260 _c2010
520 _a[2010] EWHC 2254 (Ch), 8 October 2010. Concerned with breach of duty of care in relation to a valuation report for a property being purchased for buy to let purposes as an investment income. Use of appropriate comparables and permissible bracket and margin of error considered. "Smith v Bush" 1990 applied. "Held" Claim for damages for negligence allowed. Overturned by CA [2011] EWCA Civ 693, 17 June 2011 (L153160).
590 _aKA
650 2 4 _aEMMET THOMAS SCULLION V BANK OF ENGLAND PLC (TRADING AS COLLEYS)
650 2 4 _aSMITH V BUSH
650 2 4 _aHEDLEY BRYNE V HELLLER
651 4 _aUnited Kingdom
_y
690 _aMANAGEMENT-BUSINESS MANAGEMENT-PROFESSIONAL PRACTICE-NEGLIGENCE
856 4 0 _uhttps://www.bailii.org/ew/cases/EWHC/Ch/2010/2253.htmllzView this item free of charge at www.bailii.org
942 _n0
999 _c82904
_d82904